[Event "VIE-ch U13 Girls"]
[Site "Ho Chi Minh City"]
[Date "2022.07.12"]
[Round "3"]
[White "Tran, Mai Xuan Uyen"]
[Black "Tran, Thi Quynh Anh"]
[Result "1-0"]
[WhiteElo "2124"]
[BlackElo "2121"]
[PlyCount "101"]
[EventDate "2022.07.11"]
[EventType "swiss"]
[EventRounds "9"]
[EventCountry "VIE"]
[SourceTitle "EXT 2023"]
[Source "ChessBase"]
[SourceDate "2022.10.05"]
[SourceVersion "1"]
[SourceVersionDate "2022.10.05"]
[SourceQuality "1"]

1. e4 e5 2. Nf3 Nc6 3. Bc4 Bc5 4. c3 Nf6 5. d4 exd4 6. e5 d5 7. Bb5 Ne4 8. cxd4 Bb4+ 9. Bd2 0-0 10. Bxc6 Bxd2+ 11. Nbxd2 bxc6 12. 0-0 Bf5 13. Re1 Rb8 14. b3 Rb6 15. Rc1 Qe7 16. Nxe4 Bxe4 17. Nd2 Bg6 18. Rc5 f6 19. Qc1 fxe5 20. Rxe5 Qf6 21. Qe1 Bf7 22. Nf3 Qf4 23. h3 Bg6 24. Ng5 Bf5 25. Ne6 Bxe6 26. Rxe6 Rf6 27. Rxf6 Qxf6 28. Qe8+ Qf8 29. Qe6+ Qf7 30. Qc8+ Qf8 31. Qxc7 Qe8 32. Qxa7 Rb8 33. Rxc6 Rxb3 34. axb3 Qxc6 35. Qc5 Qe6 36. b4 Kf7 37. b5 Qd7 38. b6 Ke8 39. Qa5 Qc6 40. g3 Kd7 41. Qc5 g5 42. Kg2 h5 43. Qxc6+ Kxc6 44. b7 Kxb7 45. Kf3 Kc6 46. h4 gxh4 47. gxh4 Kb5 48. Kf4 Kc4 49. Ke5 Kd3 50. f4 Ke3 51. f5 1-0

[Event "VIE-ch U13 Girls"]
[Site "Hanoi"]
[Date "2022.06.13"]
[Round "4"]
[White "Tran, Mai Xuan Uyen"]
[Black "Tran, Thi Quynh Anh"]
[Result "1-0"]
[WhiteElo "2127"]
[BlackElo "2157"]
[PlyCount "128"]
[EventDate "2022.06.11"]
[EventType "swiss"]
[EventRounds "9"]
[EventCountry "VIE"]
[SourceTitle "EXT 2023"]
[Source "ChessBase"]
[SourceDate "2022.10.05"]
[SourceVersion "1"]
[SourceVersionDate "2022.10.05"]
[SourceQuality "1"]

1. e4 e5 2. Nf3 Nc6 3. Bc4 Bc5 4. c3 Nf6 5. d4 exd4 6. e5 d5 7. Bb5 Ne4 8. cxd4 Bb4+ 9. Bd2 Bxd2+ 10. Nbxd2 Nxd2 11. Qxd2 Bd7 12. 0-0 0-0 13. h3 h6 14. Rac1 a6 15. Ba4 Qe7 16. Bb3 Qe6 17. Rc5 Qg6 18. Kh2 Be6 19. Bxd5 Bxd5 20. Rxd5 Qe6 21. Rc5 Qxa2 22. d5 Rad8 23. Rd1 Qa4 24. Qc1 Rfe8 25. Re1 Nb4 26. Re4 Qb3 27. Nd2 Qd3 28. Rxb4 Rxe5 29. Nf3 Re2 30. Rxc7 Rxf2 31. Qf4 Rf8 32. Rbxb7 Qxd5 33. Qg3 Re2 34. Rd7 Qc5 35. Qg6 Qc4 36. Qg3 Re3 37. Qc7 Qxc7+ 38. Rdxc7 Re6 39. Ra7 Rb6 40. Rcb7 Re6 41. Nd4 Rf6 42. Nb3 Rd8 43. Nc5 Rf2 44. Ne4 Rf4 45. Re7 Rd4 46. Nc3 Rd2 47. Re2 Rd6 48. Rae7 Rc6 49. Kg3 Rff6 50. Rf2 Rg6+ 51. Kh2 f6 52. Rfe2 a5 53. Ra7 Rc5 54. Re8+ Kh7 55. Rea8 Rcg5 56. g4 Re5 57. Rxa5 Re1 58. Ra1 Re3 59. Rc8 h5 60. Ra5 hxg4 61. Rh5+ Rh6 62. Rxh6+ Kxh6 63. hxg4 Kg5 64. b4 Kxg4 1-0

[Event "VIE-ch U13 Girls"]
[Site "Hanoi"]
[Date "2022.06.13"]
[Round "3"]
[White "Tran, Thi Quynh Anh"]
[Black "Nguyen, Ngoc Phuong Uyen"]
[Result "1-0"]
[WhiteElo "2157"]
[BlackElo "2128"]
[PlyCount "61"]
[EventDate "2022.06.11"]
[EventType "swiss"]
[EventRounds "9"]
[EventCountry "VIE"]
[SourceTitle "EXT 2023"]
[Source "ChessBase"]
[SourceDate "2022.10.05"]
[SourceVersion "1"]
[SourceVersionDate "2022.10.05"]
[SourceQuality "1"]

1. e4 e5 2. Nf3 Nc6 3. Bc4 h6 4. Nc3 Bc5 5. d3 Nf6 6. h3 d6 7. Be3 Bxe3 8. fxe3 Qe7 9. Nd5 Nxd5 10. exd5 Na5 11. Bb3 0-0 12. 0-0 Qf6 13. e4 Qg6 14. Nh4 Qg5 15. Nf3 Qg3 16. Qe1 Qg6 17. Qxa5 Bxh3 18. Qd2 f5 19. exf5 Rxf5 20. Nh4 Rxf1+ 21. Rxf1 Qg3 22. Nf5 Bxf5 23. Rxf5 Qg4 24. Qf2 a6 25. c4 b6 26. Bc2 c6 27. dxc6 Rc8 28. a3 Kh7 29. d4 Kh8 30. Rf8+ Rxf8 31. Qxf8# 1-0

[Event "VIE-ch U13 Girls"]
[Site "Hanoi"]
[Date "2022.06.11"]
[Round "1"]
[White "Tran, Thi Quynh Anh"]
[Black "Le, Dang Bao Ngoc"]
[Result "0-1"]
[WhiteElo "2157"]
[BlackElo "2140"]
[PlyCount "150"]
[EventDate "2022.06.11"]
[EventType "swiss"]
[EventRounds "9"]
[EventCountry "VIE"]
[SourceTitle "EXT 2023"]
[Source "ChessBase"]
[SourceDate "2022.10.05"]
[SourceVersion "1"]
[SourceVersionDate "2022.10.05"]
[SourceQuality "1"]

1. e4 e6 2. d4 d5 3. exd5 Qxd5 4. Nf3 Nf6 5. Bd3 Be7 6. Be3 b6 7. Nc3 Qd8 8. a3 Bb7 9. h3 Nbd7 10. Qe2 0-0 11. 0-0 c5 12. dxc5 Nxc5 13. Bxc5 Bxc5 14. Rad1 Qc7 15. Ne5 a6 16. Ng4 Be7 17. Ne4 Nxg4 18. hxg4 Rfd8 19. Rfe1 Rd7 20. Rc1 Qc6 21. Qf3 Rf8 22. Qh3 Rfd8 23. g5 e5 24. Nf6+ Bxf6 25. Qxh7+ Kf8 26. Be4 Qc5 27. gxf6 gxf6 28. Bxb7 Rxb7 29. Rcd1 Rbd7 30. Rxd7 Rxd7 31. Qf5 Ke7 32. Kh2 Rd2 33. f4 Qxc2 34. Qxc2 Rxc2 35. fxe5 f5 36. b4 Rc3 37. a4 Ke6 38. Rd1 Kxe5 39. Rd7 Rb3 40. Ra7 Rxb4 41. Rxa6 f4 42. a5 bxa5 43. Rxa5+ Ke4 44. Ra7 f6 45. Re7+ Kf5 46. Rf7 Rb3 47. Rf8 f3 48. gxf3 Rxf3 49. Kg2 Kg4 50. Rg8+ Kf4 51. Rf8 Rg3+ 52. Kf2 Rg6 53. Rf7 f5 54. Rf8 Rb6 55. Rh8 Rb2+ 56. Kf1 Kg3 57. Rh7 f4 58. Rf7 Kf3 59. Ke1 Rb4 60. Rf6 Rb1+ 61. Kd2 Kg3 62. Rg6+ Kf2 63. Rf6 f3 64. Rf7 Rg1 65. Rf6 Rg3 66. Rf5 Kg2 67. Ke3 Rh3 68. Rf4 Rg3 69. Rf6 Rg7 70. Rf5 Re7+ 71. Kd3 f2 72. Rg5+ Kf3 73. Rf5+ Kg3 74. Rf8 Re1 75. Rg8+ Kh4 0-1